Paises y capitales por bandera - Estadísticas

Estadísticas generales
  • Esta prueba ha sido intentada 156 veces
    28 desde el último reinicio
  • La puntuación promedio es 266 de 392
Estadísticas de respuestas
Imagen Respuesta % Correcto
Chipre
100%
Nicosia
92%
Albania
83%
Brunéi
83%
Burundi
83%
Bután
83%
Gabon
83%
Lesoto
83%
Seychelles
83%
Tirana
83%
Victoria
83%
Zambia
83%
Abu Dhabi
75%
Afganistan
75%
Alemania
75%
Andorra
75%
Andorra La Vieja
75%
Ankara
75%
Arabia Saudita
75%
Argel
75%
Argelia
75%
Argentina
75%
Armenia
75%
Australia
75%
Azerbaiyan
75%
Bagdad
75%
Bandar Seri Begawan
75%
Bangladesh
75%
Barein
75%
Belgica
75%
Berlin
75%
Bielorrusia
75%
Bissau
75%
Bogota
75%
Bolivia
75%
Brasil
75%
Brasilia
75%
Bratislava
75%
Bruselas
75%
Buenos Aires
75%
Bulgaria
75%
Canadá
75%
Canberra
75%
Castries
75%
Chile
75%
Colombia
75%
Cuba
75%
Dili
75%
Dublin
75%
Ecuador
75%
Egipto
75%
El Cairo
75%
El Salvador
75%
Emiratos Arabes Unidos
75%
Eslovaquia
75%
Eslovenia
75%
España
75%
Estados Unidos
75%
Estonia
75%
Francia
75%
Ghana
75%
Guinea Bissau
75%
India
75%
Indonesia
75%
Irak
75%
Irlanda
75%
Kabul
75%
Kuala Lumpur
75%
La Habana
75%
Libreville
75%
Liubliana
75%
Madrid
75%
Malasia
75%
Manama
75%
Marruecos
75%
Minsk
75%
Mongolia
75%
Moscú
75%
Noruega
75%
Nueva Delhi
75%
Oslo
75%
Ottawa
75%
Paris
75%
Polonia
75%
Praga
75%
Quito
75%
Rabat
75%
Republica Democratica del Congo
75%
Riad
75%
Ruanda
75%
Rusia
75%
San Salvador
75%
Santa Lucía
75%
Santiago
75%
Sofía
75%
Sucre | La paz
75%
Tallin
75%
Timbú
75%
Timor Oriental
75%
Tunez
75%
Tunez
75%
Turquia
75%
Ulan Bator
75%
Varsovia
75%
Washington D.C.
75%
Yakarta
75%
Yibuti
75%
Yibuti
75%
Acra
67%
Aman
67%
Amsterdam
67%
Angola
67%
Antigua y Barbuda
67%
Asjabad
67%
Astana
67%
Asuncion
67%
Atenas
67%
Austria
67%
Bahamas
67%
Baku
67%
Bangkok
67%
Barbados
67%
Beirut
67%
Belgrado
67%
Belice
67%
Belmopan
67%
Benin
67%
Berna
67%
Birmania
67%
Bosnia
67%
Botsuana
67%
Bridgetown
67%
Bucarest
67%
Budapest
67%
Burkina Faso
67%
Cabo Verde
67%
Camboya
67%
Camerun
67%
Caracas
67%
Catar
67%
Chad
67%
Chequia
67%
China
67%
Chisinau
67%
Ciudad de Guatemala
67%
Ciudad del Cabo | Pretoria | Bloemfontein
67%
Ciudad del Vaticano
67%
Ciudad del Vaticano
67%
Ciudad de Mexico
67%
Ciudad de panama
67%
Comoras
67%
Copenhague
67%
Corea del Norte
67%
Corea del Sur
67%
Costa de Marfil
67%
Costa Rica
67%
Croacia
67%
Daca
67%
Dakar
67%
Damasco
67%
Dinamarca
67%
Doha
67%
Dominica
67%
Erevan
67%
Eritrea
67%
Estocolmo
67%
Esuatini
67%
Etiopia
67%
Filipinas
67%
Finlandia
67%
Fiyi
67%
Gambia
67%
Georgetown
67%
Georgia
67%
Gitega
67%
Granada
67%
Grecia
67%
Guatemala
67%
Guinea
67%
Guinea Ecuatorial
67%
Guyana
67%
Haiti
67%
Hanoi
67%
Helsinki
67%
Honduras
67%
Hungria
67%
Iran
67%
Islamabad
67%
Islandia
67%
Islas Marshall
67%
Islas Salomón
67%
Israel
67%
Italia
67%
Jamaica
67%
Japon
67%
Jerusalen
67%
Jordania
67%
Katmandu
67%
Kazajistan
67%
Kenia
67%
Kiev
67%
Kigali
67%
Kinsasa
67%
Kirguistan
67%
Kiribati
67%
Kosovo
67%
Kuwait
67%
Kuwait
67%
Laos
67%
La Valeta
67%
Letonia
67%
Libano
67%
Liberia
67%
Libia
67%
Liechtenstein
67%
Lima
67%
Lisboa
67%
Lituania
67%
Londres
67%
Lusaka
67%
Luxemburgo
67%
Luxemburgo
67%
Macedonia del Norte
67%
Madagascar
67%
Malawi
67%
Maldivas
67%
Malé
67%
Mali
67%
Malta
67%
Managua
67%
Manila
67%
Mascate
67%
Maseru
67%
Mauricio
67%
Mauritania
67%
Mexico
67%
Micronesia
67%
Moldavia
67%
Monaco
67%
Monaco
67%
Montenegro
67%
Montevideo
67%
Mozambique
67%
Nairobi
67%
Namibia
67%
Nasau
67%
Nauru
67%
Nepal
67%
Nicaragua
67%
Niger
67%
Nigeria
67%
Nom pen
67%
Nueva Zelanda
67%
Oman
67%
Paises Bajos
67%
Pakistan
67%
Palaos
67%
Panama
67%
Papua Nueva Guinea
67%
Paraguay
67%
Paramaribo
67%
Pekin
67%
Peru
67%
Pionyang
67%
Podgorica
67%
Portugal
67%
Praia
67%
Pristina
67%
Puerto España
67%
Puerto Principe
67%
Reikiavik
67%
Reino Unido
67%
Republica Centroafricana
67%
Republica del Congo
67%
Republica Dominicana
67%
Riga
67%
Roma
67%
Roseau
67%
Rumania
67%
Samoa
67%
Sana
67%
San cristóbal y nieves
67%
San Jose
67%
San Marino
67%
San Marino
67%
Santo Domingo
67%
Santo Tome
67%
Santo Tome y Principe
67%
San Vicente y las Granadinas
67%
Sarajevo
67%
Senegal
67%
Serbia
67%
Seul
67%
Sierra Leona
67%
Singapur
67%
Singapur
67%
Siria
67%
Skopie
67%
Somalia
67%
Sri Lanka
67%
Sudafrica
67%
Sudan
67%
Sudan del Sur
67%
Suecia
67%
Suiza
67%
Surinam
67%
Suva
67%
Tailandia
67%
Taipei
67%
Taiwan
67%
Tayikistan
67%
Tegucigalpa
67%
Teheran
67%
Tiflis
67%
Togo
67%
Tokio
67%
Tonga
67%
Trinidad y Tobago
67%
Turkmenistan
67%
Tuvalu
67%
Ucrania
67%
Uganda
67%
Uruguay
67%
Uzbekistan
67%
Vaduz
67%
Vanuatu
67%
Venezuela
67%
Viena
67%
Vientian
67%
Vietnam
67%
Vilna
67%
Wellington
67%
Yemen
67%
Zagreb
67%
Zimbabue
67%
Abuya
58%
Adis Abeba
58%
Antananarivo
58%
Apia
58%
Asmara
58%
Bangui
58%
Basseterre
58%
Biskek
58%
Brazzaville
58%
Ciudad de la Paz
58%
Conakri
58%
Dusambe
58%
Freetown
58%
Funafuti
58%
Gaborone
58%
Harare
58%
Honiara
58%
Jartum
58%
Kampala
58%
Kingston
58%
Lilongue
58%
Lome
58%
Luanda
58%
Maputo
58%
Mbabane
58%
Mogadiscio
58%
Monrovia
58%
Naipyidó
58%
Ngerulmud
58%
Nuakchot
58%
Nukualofa
58%
Palikir
58%
Port Moresby
58%
Porto-Novo
58%
Port Vila
58%
Saint George
58%
Sri Jayawardenapura Kotte | Colombo
58%
Tanzania
58%
Taskent
58%
Tripoli
58%
Uagadugú
58%
Windhoek
58%
Yamusukro
58%
Yaren
58%
Yaunde
58%
Yuba
58%
Bamako
50%
Banjul
50%
Dodoma
50%
Kingstown
50%
Majuro
50%
Moroni
50%
Niamey
50%
Port Luis
50%
Tarawa
50%
Yamena
50%
Saint John´s
17%
No se encontraron pruebas coincidentes
Distribución de puntuación
Porcentaje de gente con cada puntuación
Porcentaje por número respondido
Historial de tus puntuaciones
No has intentado esta prueba desde el último reinicio